• 首页
  • 本馆介绍
  • 公告通知
  • 最新文献
  • 馆藏检索
  • 电子资源
  • 读者导购
  • 参考咨询
  • 我的图书馆
  • 登录
  • 详细信息显示
  • 放入我的书架
  • 预约/预借图书
  • 作者相关作品
  • 分类相关作品
  • 丛书相关作品
  • 出版社相关作品

书目信息

  • 表格格式
  • 工作单格式
  • 卡片格式
题名:
喝出健康好身体:豆浆,米糊,果蔬汁,花草茶
    
 
作者: 张银柱 , 孛宝珍 著
分册:  
出版信息: 北京   北京联合出版社  2014.08
页数: 189页
开本: 26cm
丛书名:
单 册:
中图分类: TS27
科图分类:
主题词: 饮料--食品工业 , 冷冻食品--食品工业
电子资源:
ISBN: 978-7-5502-3375-1
000 00689nam0 2200205 450
001 530
005 20160906082957.03
010    @a978-7-5502-3375-1@dCNY35.00
100    @a20160722d2014 km y0chiy0120 ea
101 0  @achi
200 1  @a喝出健康好身体:豆浆,米糊,果蔬汁,花草茶@Ahe chu jian kang hao shen ti:dou jiang,mi hu,guo shu zhi,hua cao cha@f张银柱,孛宝珍著@Fzhang yin zhu,bo bao zhen zhu
210    @a北京@c北京联合出版社@d2014.08
215    @a189页@d26cm
606 0  @a饮料@x食品工业
606 0  @a冷冻食品@x食品工业
690    @aTS27@v4
701  0 @a张银柱@Azhang yin zhu@4著
701  0 @a孛宝珍@Abo bao zhen@4著
801  0 @aCN@b唐山师范学院图书馆@c20160722
905    @aZUCC@dTS27@e207
    
    喝出健康好身体:豆浆,米糊,果蔬汁,花草茶/张银柱,孛宝珍著.-北京:北京联合出版社,2014.08
    189页;26cm
    
    
    ISBN 978-7-5502-3375-1:CNY35.00
    
●
相关链接 在E读中查询图书 在五车中查询图书 在当当中查询图书 在豆瓣中查询图书


正题名:喝出健康好身体:豆浆,米糊,果蔬汁,花草茶     索取号:TS27/207         预约/预借

序号 登录号 条形码 馆藏地/架位号 状态 备注
1 902252   209022528   第二样本阅览室/ [索取号:TS27/207] 在馆    
2 902253   209022537   第三借阅区/ [索取号:TS27/207] 在馆    
3 902254   209022546   第三借阅区/ [索取号:TS27/207] 在馆    
4 902255   209022555   第三借阅区/ [索取号:TS27/207] 在馆    
5 902256   209022564   第三借阅区/ [索取号:TS27/207] 在馆    
唐山师范学院图书馆 欢迎您!
大连网信软件有限公司© 版权所有